Największe miasta zaczynające się na literę A - Statystyki

Ogólne statystyki
  • Ten quiz został rozwiązany 270 razy
  • Średni wynik to 12 z 20
Statystyki odpowiedzi
Państwo Populacja Miasto % Poprawnych
Grecja 3,58 mln Ateny
98%
Turcja 5,15 mln Ankara
97%
Holandia 2,53 mln Amsterdam
96%
Algieria 4,25 mln Algier
91%
Egipt 6,20 mln Aleksandria
83%
Etiopia 4,73 mln Addis Abeba
78%
Madagaskar 3,05 mln Antananarywa
78%
Jordania 6,00 mln Amman
77%
Ghana 6,60 mln Akra
73%
Paragwaj 2,15 mln Asunción
73%
Nigeria 2,90 mln Abudża
65%
Stany Zjednoczone 6,10 mln Atlanta
63%
Kazachstan 2,63 mln Ałmaty
56%
Stany Zjednoczone 2,23 mln Austin
49%
Wybrzeże Kości Słoniowej 6,80 mln Abidżan
44%
Syria 1,94 mln Aleppo
42%
Indie 2,55 mln Agra
17%
Indie 9,60 mln Ahmedabad
16%
Chiny 2,35 mln Anshan
2%
Indie 2,03 mln Aurangabad
0%
Nie znaleziono quizów pasujących do podanych kryteriów
Rozkład punktacji
Procent ludzi z każdym wynikiem
Percentyl według liczby udzielonych odpowiedzi
Twoja historia wyników
Nie rozwiązałeś tego quizu